| 000 | 00971nam a22002657a 4500 | ||
|---|---|---|---|
| 999 |
_c18811 _d18811 |
||
| 003 | AR-CdUCM | ||
| 008 | 190515b ||||| |||| 00| 0 spa d | ||
| 040 |
_aMUNICIPALIDAD PROVINCIAL DEL CUSCO _cBIBLIOTECA MUNICIPAL DEL CUSCO |
||
| 082 |
_a002 / _bES76 |
||
| 100 |
_aEscarpit, Robert. _939636 |
||
| 245 | _aLa revolución del libro / | ||
| 260 |
_aMadrid : _bAlianza, _c1968. |
||
| 300 |
_a204 páginas ; _c19 cm. |
||
| 440 |
_aHumanidades. _939637 |
||
| 505 | _aContenido : Unas páginas de la historia -- Las funciones del libro -- La producción mundial -- Las grandes corrientes de intercambio -- Perspectivas futuras ... | ||
| 650 |
_aLibros. _91857 |
||
| 650 |
_aIndustria y comercio. _96100 |
||
| 650 |
_aComercio editorial. _939638 |
||
| 650 |
_aProceso editorial. _939639 |
||
| 650 |
_aDistribución del libro. _939640 |
||
| 650 |
_aLibreros y librerías. _939641 |
||
| 650 |
_aHistoria. _9136 |
||
| 942 |
_2ddc _cLIBROS |
||
| 945 |
_arum _d2019-05-15 |
||